000 00658nam a2200217Ia 4500
001 17093
003 GE_BSU
008 181216s||||||||xx |||||||||||||| ||und||
040 _cGE_BSU
080 _a821.161.1-31
100 _aშოლოხოვი, მ. (1905-1984)
245 _aწყნარი დონი. წ. 3.
245 _bრომანი
245 _cთარგმ. თ. ჯავახიშვილისა. რედ. რ.ქორქია
260 _aთბილისი
260 _c1959
300 _a490 გვ.20სმ
653 _aრომანი
653 _aწყნარი დონი
942 _cBK
999 _c50155
_d50155